[Event "Outaouais-ch Reserve"]
[Site "Gatineau"]
[Date "2013.05.07"]
[Round "4"]
[White "Legare, Gilles"]
[Black "Labelle, Julien Sylvain"]
[Result "1-0"]
[WhiteElo "1147"]
[BlackElo "996"]
[PlyCount "91"]
[EventDate "2013.04.16"]
[EventType "swiss"]
[EventRounds "6"]
[EventCountry "CAN"]
[SourceTitle "EXT 2022"]
[Source "ChessBase"]
[SourceDate "2021.10.06"]
[SourceVersion "1"]
[SourceVersionDate "2021.10.06"]
[SourceQuality "1"]

1. e4 e6 2. Nf3 d5 3. e5 Nd7 4. d4 c5 5. Nc3 Ne7 6. Bg5 h6 7. Bh4 g5 8. Bg3 Nc6 9. Be2 a6 10. dxc5 Nxc5 11. 0-0 g4 12. Nd4 Nb4 13. Bxg4 Rg8 14. Bh5 Rg5 15. Bh4 Be7 16. Bxg5 Bxg5 17. a3 Nc6 18. Nf3 Bf4 19. g3 Bxe5 20. Re1 d4 21. Nxe5 Nd7 22. Nxc6 bxc6 23. Rxe6+ Kf8 24. Rxh6 dxc3 25. Rh8+ Ke7 26. Rxd8 Kxd8 27. bxc3 Bb7 28. Qd6 Ra7 29. Bxf7 Ba8 30. Rb1 Rb7 31. Bb3 Kc8 32. Qxc6+ Kb8 33. Qxa6 Nc5 34. Qd6+ Rc7 35. Qb6+ Bb7 36. Re1 Rc6 37. Qd8+ Rc8 38. Qd6+ Ka7 39. Bd5 Ba8 40. Re7+ Nb7 41. c4 Rb8 42. Qc5+ Ka6 43. Bxb7+ Rxb7 44. Qc8 Ka7 45. Qc5+ Kb8 46. Re8# 1-0

[Event "Gatineau op U1600"]
[Site "Gatineau"]
[Date "2013.03.02"]
[Round "3"]
[White "Godbout, Alain J"]
[Black "Labelle, Julien Sylvain"]
[Result "1-0"]
[WhiteElo "1310"]
[BlackElo "928"]
[PlyCount "51"]
[EventDate "2013.03.01"]
[EventType "swiss"]
[EventRounds "5"]
[EventCountry "CAN"]
[SourceTitle "EXT 2022"]
[Source "ChessBase"]
[SourceDate "2021.10.06"]
[SourceVersion "1"]
[SourceVersionDate "2021.10.06"]
[SourceQuality "1"]

1. d4 d5 2. c4 c5 3. e3 e6 4. Nf3 Nc6 5. Nc3 Nf6 6. Bd3 Bd6 7. 0-0 0-0 8. Qc2 g6 9. h3 Qc7 10. cxd5 exd5 11. Nb5 Nb4 12. Qb3 Qc6 13. dxc5 Bxc5 14. Ne5 Qc7 15. Nxc7 Rb8 16. Bd2 Bd6 17. Nb5 Bxe5 18. Qxb4 Nd7 19. Bc3 d4 20. Bxd4 a5 21. Qe7 Bg7 22. Nd6 f6 23. Bc4+ Kh8 24. Ne8 Rg8 25. Bxg8 Kxg8 26. Qxg7# 1-0

[Event "Gatineau Quebec Elite qual"]
[Site "Gatineau"]
[Date "2013.02.12"]
[Round "5"]
[White "Labelle, Julien Sylvain"]
[Black "Kouassi, Karen"]
[Result "0-1"]
[WhiteElo "1055"]
[BlackElo "1181"]
[PlyCount "48"]
[EventDate "2013.01.15"]
[EventType "swiss"]
[EventRounds "5"]
[EventCountry "CAN"]
[SourceTitle "EXT 2022"]
[Source "ChessBase"]
[SourceDate "2021.10.06"]
[SourceVersion "1"]
[SourceVersionDate "2021.10.06"]
[SourceQuality "1"]

1. e4 e5 2. Nf3 Nc6 3. Nc3 Bc5 4. Bc4 d6 5. 0-0 h6 6. d3 b6 7. Ng5 hxg5 8. Nd5 Bb7 9. b4 Bxb4 10. Nxb4 Nxb4 11. a3 Nc6 12. Qf3 f6 13. Qf5 Nd4 14. Bb5+ c6 15. Qg6+ Kf8 16. Bc4 d5 17. exd5 Ne7 18. Qe4 cxd5 19. Qe3 Nxc2 20. Qd2 Nxa1 21. Bb2 dxc4 22. Rxa1 g4 23. Qb4 Qd5 24. Rd1 Qxg2# 0-1

[Event "Gatineau Service des Loisirs"]
[Site "Gatineau"]
[Date "2012.10.23"]
[Round "2"]
[White "Labelle, Julien Sylvain"]
[Black "Carabineanu, Marcel"]
[Result "0-1"]
[WhiteElo "956"]
[BlackElo "1434"]
[PlyCount "68"]
[EventDate "2012.10.16"]
[EventType "swiss"]
[EventRounds "4"]
[EventCountry "CAN"]
[SourceTitle "EXT 2022"]
[Source "ChessBase"]
[SourceDate "2021.10.06"]
[SourceVersion "1"]
[SourceVersionDate "2021.10.06"]
[SourceQuality "1"]

1. e4 e5 2. Nf3 d6 3. d3 Nc6 4. Nc3 Be6 5. Be2 Nf6 6. 0-0 Qd7 7. Be3 0-0-0 8. Re1 Kb8 9. Qd2 Be7 10. Rad1 h5 11. b3 Ng4 12. d4 Nxe3 13. Qxe3 exd4 14. Nxd4 Nxd4 15. Rxd4 g5 16. Na4 Qc6 17. Rc1 g4 18. e5 h4 19. Rcd1 Rdg8 20. Nc3 Bf5 21. Ra4 b6 22. Ba6 Bxc2 23. e6 fxe6 24. Qxe6 Bxd1 25. Nxd1 Qc2 26. Be2 Re8 27. Qd7 Qxe2 28. h3 Qxd1+ 29. Kh2 g3+ 30. fxg3 hxg3+ 31. Kxg3 Rhg8+ 32. Rg4 Rxg4+ 33. hxg4 Qe1+ 34. Kh3 Rh8# 0-1

[Event "Gatineau Service des Loisirs"]
[Site "Gatineau"]
[Date "2012.10.16"]
[Round "1"]
[White "Labelle, Julien Sylvain"]
[Black "Laurin, Marcel"]
[Result "0-1"]
[WhiteElo "956"]
[BlackElo "1581"]
[PlyCount "62"]
[EventDate "2012.10.16"]
[EventType "swiss"]
[EventRounds "4"]
[EventCountry "CAN"]
[SourceTitle "EXT 2022"]
[Source "ChessBase"]
[SourceDate "2021.10.06"]
[SourceVersion "1"]
[SourceVersionDate "2021.10.06"]
[SourceQuality "1"]

1. e4 c5 2. Nf3 Nc6 3. Bb5 e6 4. d4 Qa5+ 5. Nc3 cxd4 6. Nxd4 Bb4 7. Nde2 Qxb5 8. a3 Bxc3+ 9. Nxc3 Qc4 10. b3 Qxc3+ 11. Bd2 Qd4 12. Rc1 Qxe4+ 13. Qe2 Qxe2+ 14. Kxe2 Nf6 15. Rhe1 0-0 16. Kf1 d5 17. c4 dxc4 18. bxc4 e5 19. Re2 Bf5 20. h3 Bd3 21. Rce1 Nd4 22. Be3 Bxe2+ 23. Rxe2 Nxe2 24. Kxe2 Rfc8 25. g4 Rxc4 26. Kd3 b5 27. g5 e4+ 28. Ke2 Nd5 29. f3 exf3+ 30. Kxf3 Nxe3 31. Kxe3 Rc3+ 0-1

[Event "Gatineau Benevoles"]
[Site "Gatineau"]
[Date "2012.10.02"]
[Round "4"]
[White "Labelle, Julien Sylvain"]
[Black "Simard, Paul"]
[Result "0-1"]
[WhiteElo "956"]
[BlackElo "1111"]
[PlyCount "66"]
[EventDate "2012.09.11"]
[EventType "swiss"]
[EventRounds "4"]
[EventCountry "CAN"]
[SourceTitle "EXT 2022"]
[Source "ChessBase"]
[SourceDate "2021.10.06"]
[SourceVersion "1"]
[SourceVersionDate "2021.10.06"]
[SourceQuality "1"]

1. e4 e5 2. Nc3 Nf6 3. d3 Bc5 4. Be3 b6 5. Nf3 Nc6 6. Be2 h6 7. a3 d5 8. d4 exd4 9. Nxd4 Bxd4 10. Bxd4 Nxd4 11. Bb5+ Nxb5 12. Nxb5 Bb7 13. f3 0-0 14. 0-0 Ba6 15. a4 Qd7 16. Qd2 Bxb5 17. axb5 Qxb5 18. e5 Nd7 19. Rfe1 Rfe8 20. b3 a5 21. Rac1 Nxe5 22. c4 dxc4 23. f4 Nd3 24. bxc4 Qc5+ 25. Kf1 Rxe1+ 26. Rxe1 Nxe1 27. Qxe1 Qxc4+ 28. Qe2 Qxf4+ 29. Ke1 Qc1+ 30. Kf2 Rd8 31. Qe1 Rd2+ 32. Kf1 Rd1 33. Qxd1 Qxd1+ 0-1